logo

Bir Sreshtho Munshi Abdur Rouf Library
Jhenaidah Cadet College

The University in transition / (Record no. 7903)

MARC details
000 -LEADER
fixed length control field 01016nam a2200289 a 4500
001 - CONTROL NUMBER
JCCL Control Number 7903
003 - CONTROL NUMBER IDENTIFIER
JCCL marc code BD-JhCC
005 - DATE AND TIME OF LATEST TRANSACTION
control field 20180224111332.0
008 - FIXED-LENGTH DATA ELEMENTS--GENERAL INFORMATION
fixed length control field 180215s1971 tnu 00000 eng d
020 ## - INTERNATIONAL STANDARD BOOK NUMBER
International Standard Book Number 0878700099
035 ## - SYSTEM CONTROL NUMBER
system control number (BD-JhCC)7903
035 ## - SYSTEM CONTROL NUMBER
system control number 2540297
040 ## - CATALOGING SOURCE
Original cataloging agency BD-JhCC
Modifying agency BD-JhCC
041 ## - LANGUAGE CODE
Language code of Book eng
050 00 - LIBRARY OF CONGRESS CALL NUMBER
Classification number LA228
Item number .U5
082 0# - DEWEY DECIMAL CLASSIFICATION NUMBER
Classification number 378.73
Author mark and Year UNI 1967
245 04 - TITLE STATEMENT
Title The University in transition /
Statement of responsibility, etc Edited by Festus Justin Viser.
260 ## - PUBLICATION, DISTRIBUTION, ETC. (IMPRINT)
Place of publication, distribution, etc [Memphis]
Name of publisher, distributor, etc Memphis State University Press,
Date of publication, distribution, etc 1971.
300 ## - PHYSICAL DESCRIPTION
Pagination xii, 89 p.
Dimensions 21 cm.
490 1# - SERIES STATEMENT
Series statement The M. L. Seidman memorial town hall lecture series
505 0# - FORMATTED CONTENTS NOTE
Formatted contents note Higher education in America and its discontents, by C. Kerr.--Is the liberal university dead? By D. L. Hallett.--The university under attack, by S. I. Hayakawa.
650 #0 - SUBJECT ADDED ENTRY--TOPICAL TERM
Topical term or geographic name as entry element Universities and colleges
Geographic subdivision United States.
700 1# - ADDED ENTRY--PERSONAL NAME
Personal name Viser, Festus Justin,
Dates associated with a name 1920-
830 #0 - SERIES ADDED ENTRY--UNIFORM TITLE
Uniform title M. L. Seidman memorial town hall lecture series.
942 ## - ADDED ENTRY ELEMENTS (KOHA)
Source of classification or shelving scheme Dewey Decimal Classification
Koha item type Books
Holdings
Source of classification or shelving scheme Damaged status Not for loan Home library Current library Shelving location Date of accession Total Checkouts Full call number Barcode Date last seen Copy number Koha item type
Dewey Decimal Classification     JCC Rouf Library JCC Rouf Library General Stacks 02/15/2018   378.73 UNI 1967 10100 02/15/2018 C-1 Books

JCC Library | Contacts | JCC Home

Last Update on 23 September 2017
Copyright @ 2017-2020 JCC Rouf Library
Rouf Library, Jhenidah Cadet College (JCC), Bangladesh